000 00712nam a2200253Ia 4500
003 OSt
005 20221005131337.0
006 a|||||r|||| 00| 0
007 ta
008 221004b |||||||| |||| 00| 0 eng d
024 _a80907
037 _cTextual
040 _aCRL
_cCRL
_beng
041 _2eng
_aeng
082 _aY15.217.N9, P5
110 _aNational Commission for women (New Delhi India)
_9607226
245 0 _aSituational analysis of women and girls in Pondicherry
260 _c2005
300 _a90p.
_ccm.
650 _aSOCIOLOGY
700 _aNational Commission for women (New Delhi India)
_9607227
942 _hY15.217.N9, P5
_cTEXL
_2cc
999 _c1060046
_d1060046